Todos os ônibus produzidos pela Caio do Brasil - Statistics

Estatísticas Gerais
  • Esse quiz foi jogado 7 vezes
  • A pontuação média é 13 de 40
Estatísticas das Respostas
Período de Produção Modelo % Correto
2001 - Apache Vip
100%
2012 - Millenium
80%
1988 - 1996 Vitória
80%
1980 - 1988 Amélia
60%
1999 - 2007 Apache S21
60%
2007 - 2012 Apache S22
60%
2005 - 2013 Foz
60%
1997 - 2006 Piccolino
60%
1997 - 2006 Piccolo
60%
1995 - 1999 Alpha
40%
1959 - 1966 Bossa Nova
40%
1974 - 2000 Carolina
40%
2017 - F2400
40%
1975 - 1977 Gabriela I
40%
1966 - 1976 Gaivota
40%
1978 - 1983 Itaipu
40%
1958 - 1968 Jaraguá
40%
1946 - 1958 Jardineira
40%
1982 - 1987 Aritana
20%
2007 - Atilis
20%
1971 - 1976 Bandeirante
20%
1972 - 1974 Bela Vista I
20%
1972 - 1975 Bela Vista I
20%
1974 - 1975 Bela Vista II
20%
1948 - 1958 Coach
20%
1977 - 1984 Corcovado
20%
1977 - 1984 Gabriela II
20%
2004 - Giro 3600
20%
1969 - 1977 Jubileu
20%
1997 - 2003 Millenium I
20%
2005 - 2015 Mondego
20%
2013 - Solar
20%
2017 - Soul Class
20%
1985 - 1992 Squalo
20%
2004 - 2010 Topbus
20%
1969 - 1979 Verona
20%
2025 - E-Millenium Brt
0%
2010 - G3400
0%
1973 - 1981 Gabriela Andino
0%
2015 - Mondego II
0%
Nenhum quiz correspondente encontrado
Distribuição das Pontuações
Porcentagem de Pessoas com Cada Pontuação
Percentil de Números Respondidos
Sua Pontuação Histórica
Você não jogou esse quiz